| 000 | 00342nam a22001217a 4500 | ||
|---|---|---|---|
| 999 |
_c480267 _d480267 |
||
| 003 | NUST | ||
| 008 | 161110t xxu||||| |||| 00| 0 eng d | ||
| 038 | _aAdnan | ||
| 082 | _a020 | ||
| 245 |
_ath-ms-modeling and analysis of p13k/akt pathway in diabetes and breast cancer _csammia rehman-sup-dr. amjad ali |
||
| 250 | _a2016 | ||
| 942 |
_2ddc _cTHE |
||